| 000 | 00640nam a2200181Ia 4500 | ||
|---|---|---|---|
| 005 | 20250423100104.0 | ||
| 008 | 250422s9999 xx 000 0 und d | ||
| 020 | _a9789788534990 | ||
| 050 | _aHD 87.N6 .M36/ | ||
| 100 | _aEdited by Ben Aigbokhan; Samson Edo & Adeyemi Fajingbesi | ||
| 245 | 0 | _aManaging the Nigerian Economy in the twenty-first century: an essays in hour of professor Mike Idiahi Obadan | |
| 260 | _aBenin | ||
| 260 | _bMindex Publishing Co. Ltd. | ||
| 260 | _c2019 | ||
| 300 | _a560 p | ||
| 650 | _aObadan, Michael I. Economic policy--Nigeria. Economic Growth--Nigeria. Poverty--Prevention--Nigeria. | ||
| 942 | _cBK | ||
| 999 |
_c32252 _d32252 |
||